000 00343nam a2200109Ia 4500
008 171211s9999 xx 000 0 und d
245 _aSchema Matching and Mapping
245 _cAngela Bonifati, Erhard Rahm, and Zohra Bellahsene
260 _c2011
650 _xINFORMATION TECHNOLOGIES
856 _uhttp://down.ebook777.com/064/3642165176.pdf
999 _c349703
_d349703